Propuesta para la implementación de actividades que promuevan el desarrollo de la lectoescritura en el Caipi La Romana, en el segundo ciclo del nivel inicial, año escolar 2019-2020. Distrito educativo 05-03" / (Record no. 12733)
[ view plain ]
| 000 -LEADER | |
|---|---|
| campo de control de longitud fija | 01231nam a2200265 4500 |
| 003 - IDENTIFICADOR DE NÚMERO DE CONTROL | |
| campo de control | DO-SdUA |
| 005 - FECHA Y HORA DE LA ÚLTIMA TRANSACCIÓN | |
| campo de control | 20250325093537.0 |
| 008 - DATOS DE LONGITUD FIJA--INFORMACIÓN GENERAL | |
| campo de control de longitud fija | s2020 dr a|| |||| 0 |a||0|spa d |
| 040 ## - FUENTE DE CATALOGACIÓN | |
| Centro catalogador/agencia de origen | DO-SdUA |
| Lengua de catalogación | spa |
| Centro/agencia transcriptor | DO-SdUA |
| 041 0# - CÓDIGO DE IDIOMA | |
| Código de lengua del texto/banda sonora o título independiente | spa |
| 092 ## - ASIGNACIÓN LOCAL DE SIGNATURA TOPOGRÁFICA DEWEY (OCLC) | |
| Número de clasificación | MA-PPGE 0046 FCE 2020 |
| 100 1# - ENTRADA PRINCIPAL--NOMBRE DE PERSONA | |
| Nombre de persona | Morla M., Mayra |
| 245 10 - MENCIÓN DEL TÍTULO | |
| Título | Propuesta para la implementación de actividades que promuevan el desarrollo de la lectoescritura en el Caipi La Romana, en el segundo ciclo del nivel inicial, año escolar 2019-2020. Distrito educativo 05-03" / |
| Mención de responsabilidad, etc. | Mayra Morla M. |
| 260 ## - PUBLICACIÓN, DISTRIBUCIÓN, ETC. | |
| Lugar de publicación, distribución, etc. | La Romana : |
| Nombre del editor, distribuidor, etc. | UASD, |
| Fecha de publicación, distribución, etc. | 2020. |
| 300 ## - DESCRIPCIÓN FÍSICA | |
| Extensión | [8], 91, h. : |
| Otras características físicas | il. |
| 502 ## - NOTA DE TESIS | |
| Nota de tesis | Tesis y trabajo de grado (Especialista en Procesos Pedagógico del Nivel Inicial)--Universidad Autónoma de Santo Domingo, La Romana, 2020. |
| 504 ## - NOTA DE BIBLIOGRAFÍA, ETC. | |
| Nota de bibliografía, etc. Nota | Incluye referencias bibliográficas y anexos. |
| 650 #7 - PUNTO DE ACCESO ADICIONAL DE MATERIA--TÉRMINO DE MATERIA | |
| Fuente del encabezamiento o término | lemb |
| 9 (RLIN) | 630 |
| Término de materia o nombre geográfico como elemento de entrada | Actividades creativas y trabajo de clase |
| Subdivisión general | Investigaciones |
| Subdivisión cronológica | 2019-2020 |
| 650 #7 - PUNTO DE ACCESO ADICIONAL DE MATERIA--TÉRMINO DE MATERIA | |
| Fuente del encabezamiento o término | lemb |
| 9 (RLIN) | 17107 |
| Término de materia o nombre geográfico como elemento de entrada | Lectura |
| Subdivisión general | Enseñanza |
| 650 #7 - PUNTO DE ACCESO ADICIONAL DE MATERIA--TÉRMINO DE MATERIA | |
| Fuente del encabezamiento o término | lemb |
| 9 (RLIN) | 11946 |
| Término de materia o nombre geográfico como elemento de entrada | Escritura |
| Subdivisión general | Enseñanza |
| 650 #7 - PUNTO DE ACCESO ADICIONAL DE MATERIA--TÉRMINO DE MATERIA | |
| Fuente del encabezamiento o término | lemb |
| 9 (RLIN) | 10542 |
| Término de materia o nombre geográfico como elemento de entrada | Educación primaria |
| 651 ## - PUNTO DE ACCESO ADICIONAL DE MATERIA--NOMBRE GEOGRÁFICO | |
| 9 (RLIN) | 54732 |
| Nombre geográfico | La Romana (Provincia) |
| 830 ## - PUNTO DE ACCESO ADICIONAL DE SERIE-TÍTULO UNIFORME | |
| Título uniforme | Tesis y disertaciones académicas (Universidad Autónoma de Santo Domingo) |
| 942 ## - ELEMENTOS DE ENTRADA SECUNDARIOS (KOHA) | |
| Fuente de la clasificación o esquema de estantería | |
| Tipo de ítem Koha | |
| Suprimir en OPAC | No |
No items available.